<?xml version="1.0" encoding="UTF-8"?>
<collection xmlns="http://www.loc.gov/MARC21/slim">
 <record>
  <leader>01891nam a2200397   4500</leader>
  <controlfield tag="001">000025158</controlfield>
  <controlfield tag="003">21649</controlfield>
  <controlfield tag="005">20170518140530.0</controlfield>
  <controlfield tag="008">170518s2015                        viesd</controlfield>
  <datafield tag="020" ind1=" " ind2=" ">
   <subfield code="c">45000</subfield>
  </datafield>
  <datafield tag="041" ind1="0" ind2=" ">
   <subfield code="a">vie</subfield>
  </datafield>
  <datafield tag="082" ind1="1" ind2="4">
   <subfield code="a">530.1</subfield>
   <subfield code="b">NG-H</subfield>
  </datafield>
  <datafield tag="100" ind1="1" ind2=" ">
   <subfield code="a">Nguyễn Quang Học</subfield>
  </datafield>
  <datafield tag="245" ind1="1" ind2="0">
   <subfield code="a">Bài tập vật lí lí thuyết 2</subfield>
   <subfield code="b">Tóm tắt lí thuyết. Bài tập cơ bản và nâng cao</subfield>
   <subfield code="c">Nguyễn Quang Học, Đinh Quang Vinh</subfield>
   <subfield code="n">Tập 2</subfield>
   <subfield code="p">Vật lí thống kê</subfield>
  </datafield>
  <datafield tag="246" ind1="3" ind2=" ">
   <subfield code="a">Bài tập vật lý lý thuyết 2</subfield>
   <subfield code="b">Vật lý thống kê</subfield>
  </datafield>
  <datafield tag="260" ind1=" " ind2=" ">
   <subfield code="a">H.</subfield>
   <subfield code="b">Đại học Sư phạm</subfield>
   <subfield code="c">2015</subfield>
  </datafield>
  <datafield tag="300" ind1=" " ind2=" ">
   <subfield code="a">180 tr.</subfield>
   <subfield code="b">bảng</subfield>
   <subfield code="c">24cm.</subfield>
  </datafield>
  <datafield tag="504" ind1=" " ind2=" ">
   <subfield code="a">Phụ lục: tr. 170-177. - Thư mục: tr. 178-179</subfield>
  </datafield>
  <datafield tag="520" ind1=" " ind2="3">
   <subfield code="a">Giới thiệu lí thuyết và bài tập về vật lí thống kê, nội dung gồm: cơ sở cơ học giải tích, các phương trình chuyển động Lagrange và Hamilton, không gian pha, cơ sở lí thuyết xác suất, khí thực, vật rắn, nhiệt rung, hệ có số hạt thay đổi, sự chuyển pha, thống kê lượng tử... và thuyết động học chất khí</subfield>
  </datafield>
  <datafield tag="650" ind1="0" ind2="4">
   <subfield code="a">Vật lý học</subfield>
   <subfield code="v">Bài tập</subfield>
   <subfield code="x">Bài toán, bài tập</subfield>
  </datafield>
  <datafield tag="650" ind1="0" ind2="4">
   <subfield code="a">Vật lý học</subfield>
   <subfield code="v">Bài tập</subfield>
   <subfield code="x">Thống kê học</subfield>
  </datafield>
  <datafield tag="653" ind1=" " ind2=" ">
   <subfield code="a">Vật lí lí thuyết</subfield>
  </datafield>
  <datafield tag="653" ind1=" " ind2=" ">
   <subfield code="a">Vật lí thống kê</subfield>
  </datafield>
  <datafield tag="653" ind1=" " ind2=" ">
   <subfield code="a">Bài tập</subfield>
  </datafield>
  <datafield tag="700" ind1="1" ind2=" ">
   <subfield code="a">Đinh Quang Vinh</subfield>
  </datafield>
  <datafield tag="773" ind1=" " ind2=" ">
   <subfield code="t">Bài tập Vật lí lí thuyết 2</subfield>
   <subfield code="w">21648</subfield>
  </datafield>
  <datafield tag="OWN" ind1=" " ind2=" ">
   <subfield code="a">LSP</subfield>
  </datafield>
  <datafield tag="AVA" ind1=" " ind2=" ">
   <subfield code="a">UDN50</subfield>
   <subfield code="b">LSP</subfield>
   <subfield code="d">530.1 NG-H</subfield>
   <subfield code="e">check_holdings</subfield>
   <subfield code="t">Error 5003 Not defined in file expand_doc_bib_avail.</subfield>
   <subfield code="h">N</subfield>
   <subfield code="k">1</subfield>
  </datafield>
  <datafield tag="999" ind1=" " ind2=" ">
   <subfield code="a">From the UDN01</subfield>
  </datafield>
  <datafield tag="AVA" ind1=" " ind2=" ">
   <subfield code="a">UDN50</subfield>
   <subfield code="b">LSP</subfield>
   <subfield code="d">530.1 NG-H</subfield>
   <subfield code="e">available</subfield>
   <subfield code="t">Error 5001 Not defined in file expand_doc_bib_avail.</subfield>
   <subfield code="f">20</subfield>
   <subfield code="g">0</subfield>
   <subfield code="h">N</subfield>
   <subfield code="i">6</subfield>
   <subfield code="k">1</subfield>
  </datafield>
  <datafield tag="TYP" ind1=" " ind2=" ">
   <subfield code="a">Monograph</subfield>
  </datafield>
  <datafield tag="TYP" ind1=" " ind2=" ">
   <subfield code="a">Printed language</subfield>
  </datafield>
  <datafield tag="980" ind1=" " ind2=" ">
   <subfield code="a">Mạng thư viện Đại học Đà Nẵng</subfield>
  </datafield>
 </record>
</collection>
